| 000 | 00489cam a2200145 4500500 | ||
|---|---|---|---|
| 005 | 20251228074237.0 | ||
| 041 | _afre | ||
| 042 | _adc | ||
| 100 | 1 | 0 |
_aBaron, Anne-Marie _eauthor |
| 245 | 0 | 0 | _aL'Éros magique ou les fantasmagories de l'amour chez Balzac |
| 260 | _c2012. | ||
| 500 | _a35 | ||
| 786 | 0 | _nL'Année balzacienne | 13 | 1 | 2012-12-01 | p. 201-211 | 0084-6473 | |
| 856 | 4 | 1 | _uhttps://shs.cairn.info/revue-l-annee-balzacienne-2012-1-page-201?lang=fr&redirect-ssocas=7080 |
| 999 |
_c1597249 _d1597249 |
||